Países com uma única fronteira - Statistics

Estatísticas Gerais
  • Esse quiz foi jogado 73 vezes
    31 desde o último reset
  • A pontuação média é 18 de 19
Estatísticas das Respostas
Letra inicial Continente País que faz fronteira País % Correto
C Ásia Arábia Saudita Catar
100%
C D S Ásia Coréia do Norte Coréia do Sul
100%
I Europa Irlanda do norte Irlanda
100%
M Europa França Mônaco
100%
P Europa Espanha Portugal
100%
S M Europa Itália San Marino
100%
V Europa Itália Vaticano
100%
B Ásia Arábia Saudita Bahrein
97%
H América Central República Dominicana Haiti
97%
L África Africa do Sul Lesoto
97%
R D América Central Haiti República Dominicana
97%
B Ásia Malásia Brunei
93%
E Europa Inglaterra Escócia
93%
G África Senegal Gâmbia
93%
I D N Europa Irlanda Irlanda do Norte
93%
P D G Europa Inglaterra País de Gales
93%
S Ásia Malásia Singapura
93%
P N G Oceania Indonésia Papua-Nova Guiné
90%
T Oceania Indonésia Timor-Leste
86%
Nenhum quiz correspondente encontrado
Distribuição das Pontuações
Porcentagem de Pessoas com Cada Pontuação
Percentil de Números Respondidos
Sua Pontuação Histórica
Você não jogou esse quiz desde o último reset